LEADER 01599nam a2200337 i 4500 001 000000150074 003 CaOOAMICUS 005 20060522000000.0 008 060522s2003 it u000 u ita u 013 $a127406 020 $a88-343-1079-9 040 $aSeMil$bita 100 1 $aPizzolato, Luigi Franco,$d<1939- >.$0(OLS)http://semarc/name/40 245 10$aInvito alla politica :$blinee di un percorso di formazione /$cLuigi F. Pizzolato, Filippo Pizzolato ; Presentazione di Carlo Maria Martini. 260 $aMilano :$bV&P Università,$cCopyr. 2003. 300 $a239 p. ;$c21 cm. 490 0 $aParalleli 500 $aContiene : Bibliografia essenziale. - Dono del Card. Dionigi Tettamanzi. 650 4$aCristianesimo e politica.$0(OLS)http://semarc/subject/5911 650 4$aPolitica - Concezione cristiana.$0(OLS)http://semarc/subject/5029 650 4$aEducazione politica.$0(OLS)http://semarc/subject/29358 700 1 $aPizzolato, Filippo,$d<1970- >.$0(OLS)http://semarc/name/53322 700 1 $aMartini, Carlo Maria,$c.$0(OLS)http://semarc/name/89159 830 0$aParalleli.$0(OLS)http://semarc/title/5967 850 $aSeMil 852 $aSeMil$W1$xVenegono$y1$m3N II 577$j102243$B102243$CSeMilBibl$Z2$F112067 $81 941 1 $a5 961 $aOmaggio: Tettamanzi Card. Dionigi 996 $6020$a88-343-1079-9$9(OLS)http://semarc/number/139447 996 $6245$aInvito alla politica :$blinee di un percorso di formazione$9(OLS)http://semarc/title/219431 996 $6260$aMilano :$bV&P Università$9(OLS)http://semarc/publisher/32087 LEADER 00742nam a2200205 i 4500 001 000000134800 003 CaOOAMICUS 005 20050215000000.0 008 050215s1993 it u000 u ita u 013 $a108009 040 $aSeMil$bita 100 1 $aCiviltà rurale nell'Abbiatense.$0(OLS)http://semarc/name/6154 245 10$a2. 300 $a158 p. :$briccamente ill. 500 $aIn custodia con il vol. 1. 773 0 $aCiviltà rurale nell'Abbiatense$tTerra e l'uomo.$d[Abbiategrasso] : Società Storica Abbiatense, 1992-1993.$w()12939 850 $aSeMil 852 $aSeMil$W1$xVenegono$y1$m3P VI 267$j88510$B88510$CSeMilBibl$Z2$F92921 $81 961 $aLascito: Garavaglia don Angelo 996 $6245$a2$9(OLS)http://semarc/title/46889